00309nam a2200121Ia 4500008004000000082001300040100003200053245003800085250000500123260003100128300001400159650001400173210210b1969 xxu||||| |||| 00| 0 eng d a591 MAJF aMAJUPURIA (Trilok Chandra). aFundamentals of zoology. Rev Ed 2 a aDelhibS. Nagin & Coc1969 aiv,560,iv aZoology